000 01216nam0a2200325 4500
001 RU\NLR\BIBL_A\011356312
005 20260405190423.0
010 _a9785446909858
_9300
021 _aRU
_b2017-13927
_91027
035 _a(RuMoRGB)008810268
035 _a(NLR Aleph) 011356312
090 _a11274318
_c11274318
100 _a20170330d2016 u y0rusy50 ca
101 0 _arus
102 _aRU
105 _ac z ||00yzy
200 1 _aЖелезный век России
_fБ. Г. Дверницкий
210 _aСанкт-Петербург
_cРусское философское общество
_d2016
215 _a113 с.
_cпортр.
_d22
320 _aСписок трудов авт. : 110-112
320 _aБиблиогр.: с. 113 (17 назв.)
333 _a12+
606 1 _aОбщественная мысль
_yРоссийская Федерация
_92086362
_3RU\NLR\AUTH\661262495
686 _aТ3(2)я44
_2rubbk
686 1 _aТ3(2)74-72
700 1 _8rus
_7ca
_aДверницкий
_bБ. Г.
_f1935-
_gБорис Георгиевич
_3RU\NLR\AUTH\7782565
_965493
942 _cBOOK
980 _aNBR